000
00314 a2200145 4500
001
61161
020
_a
9783126757546
040
_c
Anchieta - Pituba
240
1
0
_a
Wir A1
_l
por
245
1
0
_a
Wir A1
300
_a
128
362
0
_a
2012
650
4
_a
Línguas germânicas (teutônicas) língua alemã
942
_c
BK
999
_c
61161
_d
61161